|
|
|
|
| LEADER |
00000nab a2200000 a 4500 |
| 001 |
vtls008962990 |
| 003 |
SK-MaSNL |
| 005 |
20260303070737.0 |
| 008 |
140303c2007 xo wrzp 0 0slo |
| 015 |
|
|
|a SNBRB2007/04
|2 snkbucl
|
| 040 |
|
|
|a SNKBUCL
|b slo
|c SNKBUCL
|e AACR2
|
| 041 |
0 |
|
|a slo
|
| 044 |
|
|
|a xo
|c SK
|
| 080 |
|
|
|a 616.981.2:616.24:615.371
|2 1997
|
| 080 |
|
|
|a 615.371: 616.981.2:616.24
|2 1997
|
| 245 |
0 |
0 |
|a Očkovanie proti pneumokokom je veľmi efektívne
|c [autor] (ová)
|
| 650 |
0 |
7 |
|a infekcie pneumokokové
|x vakcinácia
|2 snkbucl
|9 867003
|
| 650 |
0 |
7 |
|a pneumokokové infekcie
|2 snkbucl
|9 1058655
|
| 773 |
0 |
|
|t Zdravotnícke noviny
|g Roč. XII, č. 12 (2007), s. 11
|x 1335-4477
|
| 852 |
|
|
|a SNK
|b KIS3GCP
|
| 958 |
|
|
|a MI
|
| 958 |
|
|
|a SK
|
| 999 |
|
|
|c 1756741
|d 1758671
|